000 00670 a2200205 4500
005 20260218114723.0
008 260218b |||||||| |||| 00| 0 eng d
020 _a9788196672690
_cरु 395.00
040 _aMAIN
082 _a891.43301731
_bSB79P
100 _aसूर्यबाला
110 _a
245 _aप्रतिनिधि कहानियाँ : सूर्यबाला
250 _aLatest edition
260 _bराजकमल प्रकाशन
_c2023
_aनई दिल्ली
300 _a159
650 _aहिन्दी साहित्य
651 _aकहानी-संग्रह
942 _cHN
999 _c393999
_d393999